Wu-Tang Clan Members - Statistics

General Stats
  • This quiz has been taken 99 times
  • The average score is 8 of 10
Answer Stats
Member % Correct
Method Man
96%
Ghostface Killah
95%
GZA
95%
RZA
95%
Ol' Dirty Bastard
90%
Raekwon
90%
Inspectah Deck
74%
U-God
70%
Masta Killa
59%
Cappadonna
56%
No matching quizzes found
Score Distribution
Percent of People with Each Score
Percentile by Number Answered
Your Score History
You have not taken this quiz